| 000 | 04566nam a2200265Ia 4500 | ||
|---|---|---|---|
| 005 | 20200311154402.0 | ||
| 008 | 130821s17941795sp fr 1 spa | ||
| 040 |
_aCo-BoUCM _bspa _cSandra Yazo _dSandra Yazo |
||
| 041 | 0 | _aspa | |
| 082 | 0 | 4 |
_a946 _220 |
| 092 | _aE11N026 | ||
| 100 | 1 |
_aMariana, Juan de _d1535-1624 _976434 |
|
| 245 | 1 | 0 |
_aHistoria general de España _cCompuesta, emendada y añadida por el P. Juan de Mariana ... y la continuación que escribió en latín el P. Fr. Joseph Manuel Miniana ... _bTomo II [-X] |
| 260 |
_aMadrid (España) _bBenito Cano _c1794-1795 |
||
| 300 |
_a9 volúmenes (534, 5 ; 530, 6 ; 464, 4 ; 398, 4 ; 466, 5 ; 390 ; 390 ; 455 ; 343 páginas _c18 x 12 cm. |
||
| 500 | _aDescripción física: Encuadernación rígida en cartón forrado en cuero. Lomo con adornos en dorado, se conservan parcialmente los tejuelos. Tapas con recuadros en dorado, con raspaduras en bordes y esquinas, residuos de cinta pegante. Papel de agua. Anteportada. Portada impresa en una sola tinta. Texto impreso en una columna con varios tipos y tamaños de letra. Párrafos numerados. Mayúsculas capitales sencillas. Signaturas. Márgenes amplios. Índice final. Papel con manchas, oxidación de tintas y sucio. Cantos decorados. Algunos subrayados. V.9 con cortes decorados. V.4 y V.8 lomos rotos. V.4 con guarda delantera rota. V.7 Nota manuscrita en páginas 224 y 225 que indica error en la impresión, desde la página 225 se imprime texto correspondiente a volumen siguiente. Texto inconcluso. V.8 muy deteriorado en tapas y guarda delantera. V.10 error de impresión en portada, indica tomo III | ||
| 505 | 0 | _aV.2: Libros V al IX: Llegada de varios pueblos a España ; Supremacía de los godos sobre otros barbaros ; Los reyes godos ; Primera entrada de los árabes a España ; Sublevación de don Pelayo ; Hallazgo del cuerpo de Santiago ; Principios del reino de Navarra ; Reyes de Castilla, León y Navarra -- V.3: Libro X al XIV: El Cid conquista Valencia ; Orígenes del reino de Portugal ; Guerras entre los reyes cristianos ; Llegada de los almohades ; Origen de la orden de Santiago ; Batalla de Alarcos ; La herejía de los Albigenses ; Fernando el Santo Rey de Castilla ; Conquista de la ciudad de Córdoba ; Conquista de Sevilla ; Alfonso X el Sabio -- V.4: Libro XV al XVII: Desordenes en Castilla ; Fin de los templarios ; Raimundo Lulio ; Muerte de Bonifacio VIII ; Los catalanes atacan Grecia ; Cerco y toma de Algeciras ; La guerra de Aragón -- V.5: Libro XIX al XXII: Reinado de Enrique; Cortes de Madrid ; Muerte del Maestre de Alcántara ; Tamerlán ; Don Álvaro de Lule ; Concilio de Basilea ; Batalla de Olmedo ; Guerra de Florencia -- V.6: Libro XXIII al XXVII: Concilio de Mantua ; Muerte del príncipe de Viana ; Matrimonio de Fernando e Isabel ; Muerte de Enrique IV ; Establecimiento de la inquisición en Castilla ; Comienzo de la Guerra de Granada ; Expulsión de los judíos de España ; Descubrimiento de las Indias -- V.7: Libro XXVIII a XXX: Proclamación de Carlos I ; Muerte del cardenal Cisneros ; Guerra de las Comunidades ; Conquista de México por Hernán Cortés ; Rey de Francia prisionero de los españoles ; Expediciones de Pizarro y Almagro ; Dieta de Worms -- V.8: Libro I al III: Proclama de Carlos I ; Sublevación de los comuneros ; Guerra de Flandes ; Principios de la Herejía de Carreño -- V.9: Libro IV al VII: Desórdenes en las colonias de Indias ; Viaje al Perú de Pedro de la Gasca ; Muerte de la Reina Juana, madre del emperador ; Carlos V se retira a Yuste ; Reinado de Felipe II ; Batalla de San Quintin ; Fundación de El Escorial -- V.10: Libro VIII al X: Guerra y muerte del Rey Don Sebastián de Portugal en África ; Muerte de algunas personas ilustres ; Emprende el Parmesano cerrar el Escalda | |
| 506 | _aConsulta en sala | ||
| 651 | 0 | 4 |
_aEspaña _xHistoria _946137 |
| 690 |
_aHistoria de Europa _926509 |
||
| 700 | 1 |
_aMiñana, José Manuel _d1671-1730 _9100387 |
|
| 856 | 4 | 1 |
_uhttps://books.google.com.co/books?id=JTs3SgaGFyQC&printsec=frontcover&dq=Historia+general+de+Espa%C3%B1a+1794&hl=es&sa=X&ved=0ahUKEwjR8_6Go5PoAhWxg-AKHXFBCD4Q6AEIMTAB#v=onepage&q=Historia%20general%20de%20Espa%C3%B1a%201794&f=false _zDisponible en línea V.1 |
| 856 | 4 | 1 |
_uhttps://books.google.com.co/books?id=iEq9UAE1j5EC&printsec=frontcover&dq=Historia+general+de+Espa%C3%B1a+1795&hl=es&sa=X&ved=0ahUKEwjXwuzMo5PoAhUoU98KHcY6A2YQ6AEIKTAA#v=onepage&q=Historia%20general%20de%20Espa%C3%B1a%201795&f=false _zDisponible en línea V.10 |
| 942 |
_cLIBRO _a21 _e1 _2LOCAL _hE11N026 |
||
| 999 |
_c73824 _d73824 |
||